Le 9 Muse - Statistics

Statistiche generali
  • Questo quiz è stato fatto 33 volte
  • Il punteggio medio è 5 su 9
Statistiche sulle risposte
Arte Nome % Corretto
Poesia epica ed Elegia Calliope
82%
Stroria Clio
64%
Poesia amorosa e del canto corale Erato
64%
Astronomia, l'epica didascalica e geometria Urania
64%
Lirica corale e danza Tersicore
59%
Tragedia Melpomene
50%
Commedia Talia
45%
Poesia lirica e musica Euterpe
36%
Danza rituale e canto sacro Polimnia
36%
Nessun quiz corrispondente trovato
Distribuzione punteggi
Percentuale di utenti per punteggio
Percentile per numero di risposta
I tuoi punteggi nel tempo
Non hai fatto questo quiz